00302nam a2200121Ia 4500008004100000100003900041245001900080260003300099300000800132650001600140942000700156999001700163190216s9999||||xx |||||||||||||| ||und|| aQuazi Zajeeruddin And Khanna. V.K 0aSolid Geometry bVikas Publishing Housec1977 a445 aMathematics cBK c30620d30620